000 00691nam a2200205Ii 4500
003 JO-AjNU
008 230605s9999||||xx |||||||||||||| ||und||
017 _a2010/14352
040 _aJO-AjNU
_bara
_erda
_cJO-AjNU
041 _aara
050 1 4 _aQA76.76 2010
100 3 _aاعداد عناني، عمرو,
_eauthor
_944533
245 0 0 _aاحترف استخدام برنامج مايكرو سوفت 2010:Word
264 3 1 _aالقاهرة:دار الكتب العلمي، 2010
300 _a200ص
336 _atext
_btxt
_2rdacontent
337 _aunmediated
_bn
_2rdamedia
338 _avolume
_bnc
_2rdacarrier
650 4 _aالحاسبات الالكترونية-برامج
_944534
999 _aA19236
_c22804
_d22804